01730nam a2200397 a 4500001001200000003000800012006001900020007001500039008004100054010001700095020003500112020001800147020002700165040002100192035002100213050002300234082001700257245010600274250001200380260005500392300001100447504005100458505026200509533015200771650002800923650002500951650002700976650002301003650004601026650004401072655002901116700002701145710001701172856012601189999001701315ebr10690526CaPaEBRm u cr cn|||||||||050114s2005 wau sb 001 0 eng d z 2005000373 z0295984899 (pbk. : alk. paper) z9780295984896 z9780295803661 (e-book) aCaPaEBRcCaPaEBR a(OCoLC)84117108714aJC585b.I59 2005eb04a323.44/522200aInformation ethicsh[electronic resource] :bprivacy, property, and power /cedited by Adam D. Moore. a1st ed. aSeattle :bUniversity of Washington Press,cc2005. a455 p. aIncludes bibliographical references and index.0 apt. I. An ethical framework for analysis -- pt. II. Intellectual property : moral and legal concerns -- pt. III. Privacy and information control -- pt. IV. Freedom of speech and information control -- pt. V. Governmental and societal control of information. aElectronic reproduction.bPalo Alto, Calif. :cebrary,d2013.nAvailable via World Wide Web.nAccess may be limited to ebrary affiliated libraries. 0aFreedom of information. 0aInformation society. 0aIntellectual property. 0aPrivacy, Right of. 0aCommunicationxMoral and ethical aspects. 0aInformation technologyxSocial aspects. 7aElectronic books.2local1 aMoore, Adam D.,d1965-2 aebrary, Inc.40uhttp://site.ebrary.com/lib/rucke/Doc?id=10690526zAn electronic book accessible through the World Wide Web; click to view c26591d26591